[Event "World Rapid 2019"]
[Site "Moscow RUS"]
[Date "2019.12.26"]
[Round "2.78"]
[White "Belov, Vladimir"]
[Black "Drygalov, Sergey"]
[Result "1/2-1/2"]
[WhiteTitle "GM"]
[BlackTitle "IM"]
[WhiteElo "2598"]
[BlackElo "2473"]
[WhiteFideId "4132394"]
[BlackFideId "24171743"]
[EventDate "2019.12.26"]
[EventType "rapid"]

1. e4 c5 2. Nf3 d6 3. c3 Nf6 4. Be2 Nc6 5. d4 Bg4 6. d5 Bxf3 7. Bxf3 Ne5 8. Be2
g6 9. O-O Bg7 10. f4 Ned7 11. Qc2 O-O 12. c4 e6 13. Nc3 exd5 14. exd5 Re8 15.
Bf3 a6 16. a4 Re7 17. Bd2 Qc7 18. Rfe1 Rae8 19. Rxe7 Rxe7 20. Re1 Qd8 21. Qd1
Ne8 22. Rxe7 Qxe7 23. a5 Bd4+ 24. Kf1 f5 25. Qe2 Qxe2+ 26. Kxe2 h5 27. Kd3 Kf7
28. h3 Nef6 29. Be1 Ke7 30. Bh4 Kf7 31. Na4 Bg1 32. Nc3 Bd4 33. Nd1 Bg1 34. Be1
Ke7 35. Bd2 Kf7 36. Ne3 Ke7 37. Nc2 Bf2 38. Ne3 Kf7 39. Ke2 Bg1 40. g3 Bxe3 41.
Kxe3 Ke7 42. Kd3 b6 43. axb6 Nxb6 44. Ba5 Nbd7 45. Ke3 Nf8 46. Bd1 Ne4 47. g4 h4
48. Be1 Ng3 49. Bxg3 hxg3 50. Kf3 Nd7 51. Kxg3 Nb6 52. Bb3 a5 53. Kf3 Kf6 54.
Ke3 fxg4 55. hxg4 g5 56. Ke4 Nd7 57. Ba4 Nf8 58. Be8 gxf4 59. Kxf4 Nh7 60. Ba4
Ng5 61. Bc2 Nh3+ 62. Kg3 Ng5 63. Kh4 Nf3+ 64. Kh5 Ng5 65. Kh6 Nf7+ 66. Kh5 Ng5
67. Bd3 Nh3 68. Kh6 Ng5 69. Be2 Ne4 70. Kh7 Kf7 71. Kh6 Kf6 72. Bd3 Ng5 73. Be2
Ne4 74. Bd3 Ng5 75. Kh5 Nf3 76. Kh6 Ke5 1/2-1/2

[Event "World Rapid 2019"]
[Site "Moscow RUS"]
[Date "2019.12.26"]
[Round "2.79"]
[White "Kezin, Roman"]
[Black "Sek, Konstantin"]
[Result "1-0"]
[WhiteTitle "IM"]
[WhiteElo "2470"]
[BlackElo "2446"]
[WhiteFideId "24124621"]
[BlackFideId "24104302"]
[EventDate "2019.12.26"]
[EventType "rapid"]

1. d4 Nf6 2. c4 c5 3. d5 e6 4. Nc3 exd5 5. cxd5 d6 6. e4 g6 7. Nf3 a6 8. a4 Bg4
9. Be2 Bg7 10. O-O O-O 11. Nd2 Bxe2 12. Qxe2 Nbd7 13. Nc4 Nb6 14. Ne3 Qc7 15. a5
Nbd7 16. Nc4 b5 17. axb6 Nxb6 18. Na5 Rfe8 19. Qc2 Nfd7 20. Bf4 Ne5 21. Bg3 c4
22. Bxe5 Bxe5 23. Nc6 Qb7 24. Nd1 f5 25. exf5 Nxd5 26. Qxc4 Qf7 27. fxg6 hxg6
28. Nxe5 dxe5 29. Rxa6 Rac8 30. Rc6 Rxc6 31. Qxc6 Rb8 32. Qd6 Re8 33. Re1 e4 34.
Nc3 Nf6 35. Qd4 Qe6 36. Nxe4 Nxe4 37. f3 1-0

[Event "World Rapid 2019"]
[Site "Moscow RUS"]
[Date "2019.12.26"]
[Round "2.80"]
[White "Utegaliyev, Azamat"]
[Black "Gutenev, Alexander"]
[Result "1-0"]
[BlackTitle "IM"]
[WhiteElo "2502"]
[BlackElo "2469"]
[WhiteFideId "13702467"]
[BlackFideId "4195540"]
[EventDate "2019.12.26"]
[EventType "rapid"]

1. e4 c5 2. Nc3 Nc6 3. g3 g6 4. Bg2 Bg7 5. d3 Rb8 6. Nge2 b5 7. O-O b4 8. Nd5 e6
9. Ne3 Nge7 10. f4 Nd4 11. g4 f5 12. Ng3 O-O 13. a3 a5 14. axb4 axb4 15. Bd2 d6
16. h4 d5 17. h5 dxe4 18. dxe4 fxg4 19. Nxg4 b3 20. c3 Nc2 21. Ra7 c4 22. Qe2
Bb7 23. h6 Bh8 24. Kh2 Nc6 25. Ra4 Qh4+ 26. Bh3 Rbd8 27. Ne3 Nxe3 28. Bxe3 Ne5
29. Ra7 Rd3 30. Kg2 Bc8 31. fxe5 Rxf1 32. Qxf1 Rd7 33. Bxe6+ 1-0

[Event "World Rapid 2019"]
[Site "Moscow RUS"]
[Date "2019.12.26"]
[Round "2.81"]
[White "Sychev, Klementy"]
[Black "Mesropov, Konstantin"]
[Result "1/2-1/2"]
[WhiteTitle "GM"]
[BlackTitle "IM"]
[WhiteElo "2563"]
[BlackElo "2422"]
[WhiteFideId "4114060"]
[BlackFideId "4116887"]
[EventDate "2019.12.26"]
[EventType "rapid"]

1. d4 e6 2. e4 d5 3. Nc3 h6 4. a3 dxe4 5. Nxe4 Nf6 6. Nxf6+ Qxf6 7. Nf3 Bd6 8.
Bd3 Bd7 9. Qe2 Bc6 10. Be4 Bxe4 11. Qxe4 Nc6 12. Bd2 O-O-O 13. O-O-O Ne7 14. c4
Qg6 15. Qxg6 Nxg6 16. Bc3 Rhg8 17. Rhe1 Be7 18. g3 Bf6 19. Kc2 Rd7 20. Rd2 Rgd8
21. b3 Ne7 22. d5 exd5 23. Bxf6 gxf6 24. c5 Nc6 25. Nd4 Nxd4+ 26. Rxd4 b6 27.
Rf4 bxc5 28. Rxf6 c4 29. bxc4 dxc4 30. Re4 Rd2+ 31. Kc3 R8d3+ 32. Kxc4 Rxa3 33.
Re7 Raa2 34. Rfxf7 Rac2+ 35. Kb3 Kb7 36. h4 Kb6 37. Re6+ c6 38. Ree7 Rxf2 39.
Rxa7 Rce2 40. Rxf2 Rxf2 41. Rh7 Kb5 42. Rxh6 Rf3+ 43. Kc2 Rxg3 44. Rf6 1/2-1/2

[Event "World Rapid 2019"]
[Site "Moscow RUS"]
[Date "2019.12.26"]
[Round "2.82"]
[White "Bluebaum, Matthias"]
[Black "Pogosyan, Stefan"]
[Result "0-1"]
[WhiteTitle "GM"]
[BlackTitle "IM"]
[WhiteElo "2644"]
[BlackElo "2459"]
[WhiteFideId "24651516"]
[BlackFideId "34159867"]
[EventDate "2019.12.26"]
[EventType "rapid"]

1. d4 f5 2. Bg5 h6 3. Bh4 g5 4. e3 Nf6 5. Bg3 Bg7 6. Nc3 d6 7. h4 g4 8. Bc4 Nc6
9. h5 e5 10. Nge2 Na5 11. Bd3 e4 12. Bb5+ c6 13. Ba4 O-O 14. Nf4 b5 15. Bb3+ d5
16. Ng6 Re8 17. Be5 Be6 18. Ne2 Bf7 19. Ng3 Qd7 20. Bf4 Nc4 21. Ne5 Nxe5 22.
Bxe5 Rxe5 23. dxe5 Nh7 24. c3 Bxe5 25. Ne2 Nf6 26. Nf4 a5 27. a3 c5 28. Qd2 Rd8
29. Rd1 a4 30. Ba2 Kg7 31. Ne2 Qe8 32. Nf4 Rd6 33. Qe2 Bxf4 34. exf4 Nxh5 35.
Qe3 Qc6 36. Bb1 Qb6 37. g3 d4 38. cxd4 cxd4 39. Qd2 Nf6 40. Qb4 Bc4 41. Bc2 Nd5
42. Qd2 d3 43. Bb1 e3 44. fxe3 Nxe3 45. Qc3+ Kh7 46. Kd2 Nxd1 47. Rxd1 Qf2+ 48.
Kc1 Qe3+ 49. Qd2 Qxg3 50. Re1 Rd4 51. Re7+ Kg6 52. Re3 Qxf4 53. Bxd3 Bxd3 54.
Re6+ Kg5 0-1

[Event "World Rapid 2019"]
[Site "Moscow RUS"]
[Date "2019.12.26"]
[Round "2.83"]
[White "Harsha, Bharathakoti"]
[Black "Gasanov, Eldar"]
[Result "1-0"]
[WhiteTitle "GM"]
[BlackTitle "GM"]
[WhiteElo "2523"]
[BlackElo "2481"]
[WhiteFideId "5078776"]
[BlackFideId "14104466"]
[EventDate "2019.12.26"]
[EventType "rapid"]

1. d4 Nf6 2. c4 e6 3. Nf3 Bb4+ 4. Nbd2 O-O 5. a3 Be7 6. e4 d6 7. Bd3 Nfd7 8. O-O
e5 9. d5 a5 10. Bc2 Nc5 11. b3 c6 12. Rb1 cxd5 13. exd5 Bd7 14. Bb2 b5 15. b4
axb4 16. axb4 Nca6 17. c5 Nxb4 18. cxd6 Bxd6 19. Bxe5 Bxe5 20. Nxe5 Nxd5 21.
Nxd7 Qxd7 22. Ne4 Na6 23. Qd3 f5 24. Bb3 Nb4 25. Nc5 Qc6 26. Qd4 Kh8 27. Rfe1
Rfe8 28. Nd3 Rxe1+ 29. Rxe1 Qf6 30. Ne5 Rd8 31. Qa7 Nc6 32. Nf7+ Kg8 33. Nxd8
Nxa7 34. Re8+ 1-0

[Event "World Rapid 2019"]
[Site "Moscow RUS"]
[Date "2019.12.26"]
[Round "2.84"]
[White "Potkin, Vladimir"]
[Black "Yagupov, Igor"]
[Result "1/2-1/2"]
[WhiteTitle "GM"]
[BlackTitle "GM"]
[WhiteElo "2583"]
[BlackElo "2357"]
[WhiteFideId "4131061"]
[BlackFideId "4113632"]
[EventDate "2019.12.26"]
[EventType "rapid"]

1. c4 c6 2. Nf3 d5 3. e3 Nf6 4. Nc3 e6 5. b3 Bd6 6. Bb2 O-O 7. d4 Nbd7 8. Bd3 e5
9. dxe5 Nxe5 10. cxd5 cxd5 11. h3 Nxf3+ 12. Qxf3 Be5 13. O-O Be6 14. Rab1 Qa5
15. Nb5 Bxb2 16. Rxb2 Rac8 17. Rd1 a6 18. Nd4 Qa3 19. Rbd2 Rc1 20. Rxc1 Qxc1+
21. Qd1 Rc8 22. Qxc1 Rxc1+ 23. Kh2 Kf8 24. g4 h6 25. Rc2 Rxc2 26. Bxc2 a5 27.
Kg3 Ke7 28. f4 Ne8 29. f5 Bd7 30. Kf4 f6 31. h4 Nd6 32. g5 hxg5+ 33. hxg5 Nf7
34. Nf3 fxg5+ 35. Nxg5 Nxg5 36. Kxg5 Be8 37. a3 Kd6 38. Kf4 b6 39. b4 axb4 40.
axb4 Bh5 41. Ba4 Bf7 42. Bd1 Be8 43. Bb3 Bh5 44. Kg5 Be8 45. Kf4 Bh5 46. Bc2 Be8
47. Bd3 Ba4 48. Kg5 Be8 49. Kf4 Ba4 1/2-1/2

[Event "World Rapid 2019"]
[Site "Moscow RUS"]
[Date "2019.12.26"]
[Round "2.85"]
[White "Santos Ruiz, Miguel"]
[Black "Nozdrachev, Vladislav"]
[Result "1-0"]
[WhiteTitle "GM"]
[BlackTitle "IM"]
[WhiteElo "2585"]
[BlackElo "2494"]
[WhiteFideId "22291482"]
[BlackFideId "24113441"]
[EventDate "2019.12.26"]
[EventType "rapid"]

1. c4 e5 2. Nc3 Nf6 3. Nf3 Nc6 4. d3 Bb4 5. Bd2 O-O 6. e3 Re8 7. Be2 b6 8. O-O
Bb7 9. e4 d6 10. a3 Bxc3 11. Bxc3 Ne7 12. Ne1 Ng6 13. g3 Nd7 14. Bg4 c6 15. f4
d5 16. Bxd7 Qxd7 17. f5 Nf8 18. Qe2 Rad8 19. f6 dxc4 20. fxg7 Ng6 21. dxc4 c5
22. Nf3 f6 23. Rad1 Qg4 24. Rd5 Kxg7 25. Qe3 Bxd5 26. cxd5 h5 27. Kh1 Rh8 28.
Be1 Rd7 29. Nh4 Nxh4 30. gxh4 Kf7 31. Rg1 Qf4 32. Qd3 Rg8 33. Rf1 Qg4 34. Bg3
Ke7 35. Qe3 Rd6 36. b4 cxb4 37. axb4 Rc8 38. Kg1 Rc2 39. Ra1 Rd7 40. Qh6 Qxe4
41. Qg7+ Kd8 42. Qf8+ Kc7 43. Rxa7# 1-0

[Event "World Rapid 2019"]
[Site "Moscow RUS"]
[Date "2019.12.26"]
[Round "2.86"]
[White "Piorun, Kacper"]
[Black "Tsoi, Dmitry"]
[Result "1/2-1/2"]
[WhiteTitle "GM"]
[BlackTitle "FM"]
[WhiteElo "2611"]
[BlackElo "2321"]
[WhiteFideId "1130420"]
[BlackFideId "24194697"]
[EventDate "2019.12.26"]
[EventType "rapid"]

1. e4 c6 2. d4 d5 3. Nc3 dxe4 4. Nxe4 Bf5 5. Ng3 Bg6 6. Bc4 Nf6 7. N1e2 Nbd7 8.
Nf4 e6 9. h4 e5 10. Qe2 Qe7 11. Nxg6 hxg6 12. Be3 exd4 13. Bxd4 Qxe2+ 14. Kxe2
Bc5 15. Bc3 Kf8 16. Rae1 Re8+ 17. Kf1 Rxe1+ 18. Kxe1 Nb6 19. Bb3 Nbd5 20. Bd2
Bd6 21. Ne2 Ne7 22. c3 Nf5 23. g3 Ng4 24. Nc1 Ke7 25. Bd1 Ne5 26. Be2 Kd8 27.
Kf1 Kc7 28. Kg2 b5 29. b3 Ne7 30. Rd1 Nd5 31. c4 bxc4 32. bxc4 Nb6 33. Ba5 c5
34. f4 Nc6 35. Bc3 f6 36. Nb3 Re8 37. Bd3 Re7 38. Kf2 g5 39. Kf3 gxf4 40. gxf4
Nd7 41. h5 Nb6 42. Rg1 Na4 43. Ba1 Nb4 44. Bb1 Nb6 45. a3 Nc6 46. Bd3 a5 47. h6
gxh6 48. Bxf6 Rd7 49. Be2 a4 50. Nd2 Bxf4 51. Ne4 Be5 52. Bxe5+ Nxe5+ 53. Kf4
Nexc4 54. Nxc5 Rf7+ 55. Ke4 Re7+ 56. Kf3 Nd2+ 57. Kf2 Ne4+ 58. Nxe4 Rxe4 59. Rg6
Nc4 60. Rxh6 Nxa3 61. Bd1 Nb5 62. Bxa4 Rxa4 63. Ke3 Nd6 64. Rh7+ Kc6 65. Kd3 Rf4
66. Ke3 Rf5 67. Kd4 Rd5+ 68. Ke3 Kc5 69. Rh8 Nc4+ 70. Ke4 Rd4+ 71. Kf3 Kd5 72.
Rd8+ Nd6 73. Ra8 Rb4 74. Ra5+ Kd4 75. Rh5 Rb1 76. Rh4+ Ke5 77. Ra4 Rb3+ 78. Kg4
Nb5 79. Ra8 Rb4+ 80. Kf3 Nd4+ 81. Ke3 Rb3+ 82. Kd2 Ne6 83. Kc2 Rh3 84. Ra5+ Ke4
85. Ra8 Nd4+ 86. Kd2 Rd3+ 87. Kc1 Rc3+ 88. Kb2 Rb3+ 89. Ka2 Rb7 90. Rh8 Kd3 91.
Rh3+ Kc4 92. Rh8 Ne6 93. Rh4+ Nd4 94. Rh8 Rb6 95. Rg8 Kc3 96. Rg3+ Kc2 97. Rg2+
Kc3 98. Rg3+ Kd2 99. Rg2+ Ne2 100. Ka3 Kc3 101. Ka4 Nd4 102. Rg3+ Kc4 103. Ka3
Rb8 104. Rh3 Nc2+ 105. Ka2 Nb4+ 106. Kb2 Nd3+ 107. Kc2 Rb2+ 108. Kd1 Kc3 109.
Rh2 Rb7 110. Ke2 Re7+ 111. Kf3 Kd4 112. Rh4+ Kd5 113. Rh5+ Ne5+ 114. Kf4 Kd4
115. Kf5 Ra7 116. Rh8 Nf7 117. Rh1 Nd6+ 118. Ke6 Ne4 119. Rd1+ Ke3 120. Re1+ Kf3
121. Rf1+ Ke2 122. Rh1 Ra5 123. Rh2+ Ke3 124. Rh8 Ng5+ 125. Kf6 Nf3 126. Rb8 Ke4
127. Rb4+ Nd4 128. Rb6 Rf5+ 129. Kg6 Rf1 130. Ra6 Ke5 131. Ra5+ Kd6 132. Ra6+
Nc6 133. Kg5 Kd5 134. Ra8 Nd4 135. Rd8+ Ke5 136. Re8+ Ne6+ 137. Kg4 Rg1+ 138.
Kf3 Kf5 139. Ra8 Rc1 140. Ra5+ Nc5 141. Ke3 Ke5 142. Ra8 Rc3+ 143. Kd2 Ne4+ 144.
Ke2 Rh3 145. Re8+ Kd5 146. Rd8+ Nd6 147. Kf2 Ke5 148. Ra8 Rb3 149. Rh8 Nf5 150.
Ke2 Nd6 151. Kd2 Ne4+ 152. Ke2 Nf6 153. Kd2 Nd5 154. Ke2 Ke4 155. Re8+ Kd4 156.
Kf2 Nf6 1/2-1/2

[Event "World Rapid 2019"]
[Site "Moscow RUS"]
[Date "2019.12.26"]
[Round "2.87"]
[White "Sadhwani, Raunak"]
[Black "Ruck, Robert"]
[Result "0-1"]
[WhiteTitle "IM"]
[BlackTitle "GM"]
[WhiteElo "2507"]
[BlackElo "2530"]
[WhiteFideId "35093487"]
[BlackFideId "705713"]
[EventDate "2019.12.26"]
[EventType "rapid"]

1. e4 e5 2. Nf3 Nc6 3. Bc4 Bc5 4. c3 Nf6 5. d3 a6 6. O-O d6 7. a4 Ba7 8. Nbd2
O-O 9. h3 Ne7 10. Re1 Ng6 11. Nf1 Nh5 12. Be3 Nhf4 13. d4 Qf6 14. Ng3 h6 15. Kh2
Be6 16. Bf1 Ne7 17. Kg1 g5 18. Nh2 Neg6 19. Ng4 Bxg4 20. hxg4 Ne6 21. Nf5 Ne7
22. dxe5 dxe5 23. Bxa7 Rxa7 24. a5 Rd8 25. Qf3 Raa8 26. Bc4 Nxf5 27. exf5 Nc5
28. Qe3 Nd7 29. Rad1 Qc6 30. Bd5 Qb5 31. b4 Nf6 32. Bb3 e4 33. f3 Qe5 34. Bc2
Nd5 35. Qxe4 Qxc3 36. Rd3 Qxc2 37. Rxd5 Qxe4 38. fxe4 c6 39. Rxd8+ Rxd8 40. e5
Rd4 41. e6 fxe6 42. fxe6 Kf8 43. Rf1+ Ke8 44. Rf7 Rxb4 45. Rc7 Rb5 46. Kf2 Rxa5
47. Rxb7 Re5 48. Ra7 Rxe6 49. Rxa6 Kd7 50. Ra1 c5 51. Rc1 Kc6 52. Kf3 Kb5 53.
Rb1+ Ka4 54. Rc1 Kb4 55. Rb1+ Ka3 56. Rc1 Re5 57. Rh1 c4 58. Rxh6 c3 59. Rc6 Kb2
60. Rb6+ Kc1 61. Rc6 c2 62. g3 Kb2 63. Rb6+ Kc3 64. Rc6+ Kb3 0-1

[Event "World Rapid 2019"]
[Site "Moscow RUS"]
[Date "2019.12.26"]
[Round "2.88"]
[White "Vavulin, Maxim"]
[Black "Murzin, Volodar"]
[Result "1/2-1/2"]
[WhiteTitle "GM"]
[BlackTitle "IM"]
[WhiteElo "2556"]
[BlackElo "2442"]
[WhiteFideId "4169530"]
[BlackFideId "44155573"]
[EventDate "2019.12.26"]
[EventType "rapid"]

1. e4 d6 2. d4 Nf6 3. Nc3 e5 4. Nf3 Nbd7 5. Bc4 Be7 6. a4 O-O 7. a5 c6 8. O-O
Rb8 9. Re1 b5 10. axb6 axb6 11. d5 b5 12. dxc6 bxc4 13. cxd7 Bxd7 14. Nd2 Be6
15. Nf1 Ra8 16. Rb1 Qd7 17. Bg5 Rfc8 18. Qe2 h6 19. Bxf6 Bxf6 20. Ne3 Bg5 21.
Ned5 Rab8 22. b4 cxb3 23. cxb3 Bg4 24. Qd3 h5 25. b4 h4 26. h3 Be6 27. b5 Rc5
28. b6 Qc6 29. Nb4 Qxb6 30. Na4 Qb5 31. Nxc5 Qxc5 32. Nd5 Rc8 33. Rb5 Qc4 34.
Qxc4 Rxc4 35. Rb6 Bd2 36. Rd1 Bg5 37. Re1 Bd2 38. Re2 Bxd5 39. Rxd2 Bxe4 40.
Rbxd6 Kh7 41. Re2 f6 42. Ra2 Kh6 43. Rd7 Rc1+ 44. Kh2 Rc2 45. Rxc2 Bxc2 46. Kg1
Bf5 47. Rb7 g6 48. Rb6 Kg5 49. Rd6 Be4 50. Re6 Kf5 51. Re8 Bc6 52. Rh8 Kg5 53.
Rh7 Bd5 54. Rd7 Bc6 55. Rd6 Be4 56. Kh2 Kf5 57. Rb6 Bd5 58. Rb4 g5 59. Kg1 Bc6
60. g3 hxg3 61. fxg3 Bd5 62. Kf2 Kg6 63. Rb5 Be6 64. Kg2 Bc4 65. Rc5 Bd3 66. Ra5
Be4+ 67. Kf2 Bf5 68. g4 Bd3 69. Ra3 Bb5 70. Rb3 Bc4 71. Rc3 Bb5 72. Ke3 f5 73.
Rb3 Bd7 74. Rb6+ Kf7 75. Rb7 Ke8 76. gxf5 Bxf5 77. Rg7 Bxh3 78. Rxg5 Kf7 79. Ke4
Be6 80. Kxe5 Bc4 81. Rg4 Bb3 82. Rb4 Bc2 83. Rb2 Bd3 84. Rb7+ Kg8 85. Kf6 Be4
86. Rg7+ Kh8 87. Rg5 Bd3 88. Rg4 Bc2 89. Kf7 Bb3+ 90. Kg6 Bc2+ 91. Kh6 Bb3 92.
Rg3 Bc4 93. Rg7 Bb3 94. Rh7+ Kg8 95. Rb7 Bc4 96. Rc7 Bd5 97. Rg7+ Kh8 98. Rd7
Bb3 99. Rd8+ Bg8 100. Kg5 Kg7 101. Rd7+ Bf7 102. Rc7 Kg8 103. Kf6 Bd5 104. Rd7
Bb3 105. Rd4 Kh7 106. Rd3 Bc4 107. Rd2 Bb3 108. Rh2+ Kg8 109. Kg6 Bc4 110. Rd2
Bf7+ 111. Kf6 Bb3 112. Rg2+ Kh8 113. Rg7 Bc4 114. Kg6 Bd3+ 115. Kh6 Bc4 116. Rc7
Bd5 117. Rc8+ Bg8 118. Rxg8+ Kxg8 1/2-1/2

[Event "World Rapid 2019"]
[Site "Moscow RUS"]
[Date "2019.12.26"]
[Round "2.89"]
[White "Makoveev, Ilya"]
[Black "Bartel, Mateusz"]
[Result "1-0"]
[WhiteTitle "FM"]
[BlackTitle "GM"]
[WhiteElo "2277"]
[BlackElo "2634"]
[WhiteFideId "34155748"]
[BlackFideId "1112635"]
[EventDate "2019.12.26"]
[EventType "rapid"]

1. e4 e5 2. Nf3 Nc6 3. Bc4 Bc5 4. O-O d6 5. b4 Bb6 6. b5 Nce7 7. a4 c6 8. d4 d5
9. Bb3 Nf6 10. Nxe5 Nxe4 11. bxc6 bxc6 12. Ba3 Nd6 13. a5 Bc7 14. Ba4 O-O 15.
Nxc6 Nxc6 16. Bxc6 Rb8 17. Bxd5 Qg5 18. c4 Bg4 19. Bf3 Bxf3 20. Qxf3 Rfc8 21.
Bxd6 Bxd6 22. c5 Bc7 23. Nc3 Qh4 24. g3 Qxd4 25. Nd5 Qxc5 26. Rac1 Qd6 27. Rc6
Qd7 28. Rd1 Bd6 29. Nf6+ gxf6 30. Rcxd6 Qe7 31. Qg4+ Kh8 32. Rd7 Qe6 33. Qxe6
fxe6 34. Rxa7 Rd8 35. Rxd8+ Rxd8 36. Rf7 Ra8 37. Rxf6 Ra6 38. Rf7 Rxa5 39. Re7
Ra6 40. Kg2 Kg8 41. g4 h6 42. Kg3 Kf8 43. Rh7 e5 44. Kf3 Kg8 45. Re7 Ra3+ 46.
Kg2 Ra5 47. f3 Rb5 48. Kg3 Kf8 49. Ra7 Rb3 50. Rh7 e4 51. Rxh6 Rxf3+ 52. Kg2 Kf7
53. Rb6 Re3 54. h4 Rf3 55. g5 Kg7 56. Re6 Re3 57. h5 Kf7 58. h6 Kxe6 59. h7 Kf5
60. h8=Q Kxg5 61. Qe5+ Kg4 62. Qe6+ Kg5 63. Qg8+ Kf4 64. Qf8+ Kg4 65. Qg7+ Kf5
66. Qd7+ Ke5 67. Kf2 Rd3 68. Qe7+ Kd5 69. Ke2 Rf3 70. Qg5+ Kd4 71. Qd2+ Ke5 72.
Qb4 Rd3 73. Qc5+ Kf4 74. Qe7 Kf5 75. Qg7 Rf3 76. Qf7+ Ke5 77. Qe7+ Kf5 78. Qc5+
Kf4 79. Qd6+ Kf5 80. Qd5+ Kf4 81. Qd4 Kf5 82. Qd5+ Kf4 83. Qd6+ Kf5 84. Qd7+ Ke5
85. Qb5+ Kf4 86. Qd5 Re3+ 87. Kf2 Rf3+ 88. Kg2 Rg3+ 89. Kh2 Rd3 90. Qc5 Rf3 91.
Qc1+ Kf5 92. Kg2 Ke5 93. Qc5+ Kf4 94. Qd6+ Kf5 95. Qd4 Rd3 96. Qc4 Rf3 97. Qe6+
Kf4 1-0

[Event "World Rapid 2019"]
[Site "Moscow RUS"]
[Date "2019.12.26"]
[Round "2.90"]
[White "Novikov, Stanislav"]
[Black "Krsnik Cohar, Ivan Vihor"]
[Result "1-0"]
[WhiteTitle "GM"]
[BlackTitle "FM"]
[WhiteElo "2531"]
[BlackElo "2313"]
[WhiteFideId "4125371"]
[BlackFideId "14520044"]
[EventDate "2019.12.26"]
[EventType "rapid"]

1. d4 Nf6 2. c4 c5 3. d5 g6 4. Nc3 Bg7 5. e4 O-O 6. Bd3 d6 7. Nge2 e6 8. O-O
Nbd7 9. Bc2 Ne5 10. b3 exd5 11. exd5 a6 12. a4 Nh5 13. Rb1 f5 14. Bd2 Bd7 15.
Qc1 Qf6 16. f4 Ng4 17. h3 Rae8 18. hxg4 fxg4 19. f5 gxf5 20. Bd3 g3 21. Bg5 Qg6
22. Rf3 h6 23. Bf4 Be5 24. Qd2 Qg4 25. Bxe5 dxe5 26. Qxh6 Rf6 27. Qe3 e4 28.
Bxe4 fxe4 29. Rxf6 Nxf6 30. Qxg3 e3 31. Rf1 Qxg3 32. Nxg3 Ng4 33. Nge4 b6 34. a5
bxa5 35. Nxc5 Bc8 36. N5e4 a4 37. bxa4 Kg7 38. c5 Kg6 39. c6 1-0

[Event "World Rapid 2019"]
[Site "Moscow RUS"]
[Date "2019.12.26"]
[Round "2.91"]
[White "Guimaraes, Diogo Duarte"]
[Black "Petrov, Nikita"]
[Result "0-1"]
[WhiteTitle "FM"]
[BlackTitle "GM"]
[WhiteElo "2322"]
[BlackElo "2585"]
[WhiteFideId "2112450"]
[BlackFideId "4101286"]
[EventDate "2019.12.26"]
[EventType "rapid"]

1. e4 e5 2. Nf3 Nc6 3. Bc4 Nf6 4. d3 Be7 5. O-O O-O 6. a4 d5 7. exd5 Nxd5 8. Re1
Bg4 9. Nbd2 Kh8 10. h3 Bh5 11. Nf1 f6 12. Ng3 Bf7 13. c3 Qd7 14. a5 a6 15. Bd2
Bc5 16. b4 Ba7 17. Qb3 Nce7 18. Rad1 c6 19. Bc1 Nf5 20. Ne4 Rad8 21. d4 exd4 22.
cxd4 Qc8 23. Kh1 Bb8 24. Nc5 Nd6 25. Bf1 Rde8 26. Bd2 Ne3 27. Rxe3 Bxb3 28. Rxb3
Nb5 29. Be3 Nc7 30. Bc4 Nd5 31. Bxd5 cxd5 32. b5 Bc7 33. bxa6 bxa6 34. Rc1 Qf5
35. Nxa6 Bxa5 36. Rb5 Bd8 37. Nb4 Qd7 38. Rxd5 Qb7 39. Nc6 Bb6 40. Rb5 Qa6 41.
Rcb1 Bc7 42. d5 Qa2 43. R1b2 Qc4 44. Rb1 Rf7 45. Nfd4 h6 46. g3 Rd7 47. Rc1 Qd3
48. Nb4 Qe4+ 49. Kh2 Bd6 50. Nbc6 h5 51. Re1 Qd3 52. Kg2 h4 53. g4 Qe4+ 54. Kg1
Qd3 55. Kg2 Kh7 56. Kg1 Be5 57. Nxe5 fxe5 58. Rb3 Qc4 59. Rc1 Qxd5 60. Rb5 Qe4
61. Nf5 Red8 62. Rbb1 Qf3 63. Kh2 Rd2 64. Rf1 R8d3 65. Rbe1 Re2 66. Rxe2 Qxe2
67. Kg2 g6 68. Ra1 gxf5 69. Ra7+ Kg8 70. Ra8+ Kf7 71. Ra7+ Ke8 0-1

[Event "World Rapid 2019"]
[Site "Moscow RUS"]
[Date "2019.12.26"]
[Round "2.92"]
[White "Rychagov, Andrey"]
[Black "Luukkonen, Tommi"]
[Result "1/2-1/2"]
[WhiteTitle "GM"]
[BlackTitle "FM"]
[WhiteElo "2545"]
[BlackElo "2290"]
[WhiteFideId "4119932"]
[BlackFideId "501808"]
[EventDate "2019.12.26"]
[EventType "rapid"]

1. e4 c6 2. d3 d5 3. Nd2 Nf6 4. Ngf3 dxe4 5. dxe4 Bg4 6. c3 Nbd7 7. Qc2 e6 8.
Be2 Be7 9. O-O O-O 10. Re1 Qc7 11. b3 Rad8 12. Bb2 Nc5 13. Bf1 e5 14. h3 Bh5 15.
b4 Ne6 16. a3 Rd7 17. c4 Rfd8 18. Bxe5 Rxd2 19. Qc3 Qd7 20. Nxd2 Qxd2 21. Qxd2
Rxd2 22. f3 Nd7 23. Bc3 Rc2 24. Rec1 Rxc1 25. Rxc1 Kf8 26. Rd1 Ke8 27. c5 Bf6
28. Bxf6 Nxf6 29. g4 Bg6 30. Kf2 Nd7 31. Ke3 f6 32. f4 Bf7 33. Bc4 g5 34. Bxe6
Bxe6 35. Rd2 Ke7 36. Rd1 h6 37. Rc1 gxf4+ 38. Kxf4 Ne5 39. Rc3 Bc4 40. Ke3 Bf1
41. Kf2 Bb5 42. Ke3 Ke6 43. Kf4 Bf1 44. Kg3 Bd3 45. Kf4 Bb1 46. Ke3 Ng6 47. Rc1
Ba2 48. Rd1 Bb3 49. Rd8 Ne5 50. Rh8 Nc4+ 51. Kd4 Nxa3 52. Rxh6 Nb5+ 53. Kd3 Ke7
54. Rh8 Ba2 55. Rb8 Bb1+ 56. Ke3 b6 57. cxb6 axb6 58. Rxb6 Kd7 59. Rb7+ Ke6 60.
Rb6 Kd7 61. Ra6 Nd6 62. h4 Bxe4 63. h5 Bb1 64. Ra7+ Ke6 65. Rc7 Nc4+ 66. Kf4 Kd6
67. Rf7 Ke6 68. Rc7 Ne5 69. h6 Kd6 70. Rg7 Ng6+ 71. Kg3 Nf8 72. Rf7 Nh7 73. Kf4
Ke6 74. Rg7 Bd3 75. Ke3 Bb1 76. Kd4 Kd6 77. Rf7 Ke6 78. Ra7 Kd6 79. Ra6 Kc7 80.
Kc5 Be4 81. Ra7+ Kd8 82. Rg7 Ke8 83. Kd6 Ng5 84. Re7+ Kf8 85. Rxe4 Nxe4+ 86.
Kxc6 Nc3 87. b5 Nxb5 88. Kxb5 Kg8 89. Kc5 Kh7 90. Kd5 Kxh6 91. Ke6 Kg6 92. Ke7
Kg5 93. Ke6 Kxg4 94. Kxf6 1/2-1/2

[Event "World Rapid 2019"]
[Site "Moscow RUS"]
[Date "2019.12.26"]
[Round "2.93"]
[White "Zarubitski, Viachaslau"]
[Black "Rozum, Ivan"]
[Result "1-0"]
[WhiteTitle "IM"]
[BlackTitle "GM"]
[WhiteElo "2451"]
[BlackElo "2573"]
[WhiteFideId "13509373"]
[BlackFideId "24104272"]
[EventDate "2019.12.26"]
[EventType "rapid"]

1. d4 d5 2. c4 e6 3. Nc3 c6 4. Nf3 dxc4 5. a4 Bb4 6. g3 b5 7. Bg2 Bb7 8. O-O a6
9. Ne4 Nd7 10. b3 Ngf6 11. Nxf6+ Qxf6 12. axb5 cxb5 13. bxc4 O-O 14. Bg5 Qf5 15.
Nh4 Qxg5 16. Bxb7 Rab8 17. Bxa6 Bc3 18. Nf3 Qf6 19. Rb1 b4 20. Bb5 Rfd8 21. Qb3
Bxd4 22. Nxd4 Nc5 23. Qxb4 Qxd4 24. e3 Qe5 25. Rbd1 h5 26. h4 g5 27. Qa5 Nd3 28.
Qa3 Qe4 29. Qe7 gxh4 30. Qg5+ Kf8 31. Qh6+ Ke7 32. Qg5+ Kf8 33. Qxh4 Qxh4 34.
gxh4 Ke7 35. Kg2 Ne5 36. Rxd8 Rxd8 37. Ra1 Rg8+ 38. Kf1 Kd6 39. Ra7 f5 40. Rh7
Rg4 41. Rxh5 Nf3 42. Ke2 Nxh4 43. Rh7 Ng6 44. Rd7+ Kc5 45. Rc7+ Kb4 46. Rc6 Re4
47. f3 Re5 48. Kd3 f4 49. e4 Rh5 50. Rxe6 Ne5+ 51. Rxe5 Rxe5 52. Kd4 Rg5 53. e5
Rg3 54. e6 Rg7 55. Ke5 Kc5 56. Ke4 1-0

[Event "World Rapid 2019"]
[Site "Moscow RUS"]
[Date "2019.12.26"]
[Round "2.94"]
[White "Gundavaa, Bayarsaikhan"]
[Black "Mamatov, Melis"]
[Result "1-0"]
[WhiteTitle "GM"]
[WhiteElo "2489"]
[BlackElo "2292"]
[WhiteFideId "4901045"]
[BlackFideId "13800027"]
[EventDate "2019.12.26"]
[EventType "rapid"]

1. e4 e6 2. d4 d5 3. Bd3 Nf6 4. e5 Nfd7 5. c3 c5 6. f4 Nc6 7. Nf3 Qb6 8. Be2 Be7
9. O-O cxd4 10. cxd4 f6 11. Nc3 fxe5 12. fxe5 O-O 13. Kh1 Rxf3 14. Bxf3 Qxd4 15.
Qxd4 Nxd4 16. Bf4 g5 17. Bg3 Nc5 18. Bg4 Nc2 19. b4 Nxa1 20. bxc5 Nc2 21. Bf2
Nb4 22. Nb5 Nd3 23. Nd6 Bd7 24. Bd4 Bxd6 25. cxd6 b6 26. Be2 Nf4 27. Ba6 Bc8 28.
Bb5 Bb7 29. Rc1 a6 30. Bd7 Ne2 31. Bxe6+ Kf8 32. Rf1+ Ke8 33. Bxb6 Nf4 34. Bf5
d4 35. Kg1 1-0